Online
Catalog

Niños, salud y ciencia : actividades... (Record no. 36079)

MARC details
000 -CABECERA
campo de control de longitud fija 00249nam a2200097 a 4500
005 - FECHA Y HORA DE LA ÚLTIMA TRANSACCIÓN
campo de control 20200930075820.0
008 - DATOS DE LONGITUD FIJA--INFORMACIÓN GENERAL
campo de control de longitud fija 120120s2004 000 spa d
040 ## - FUENTE DE LA CATALOGACIÓN
Centro catalogador/agencia de origen DO-SdBNP
245 #0 - MENCIÓN DE TÍTULO
Título Niños, salud y ciencia : actividades...
260 ## - PUBLICACIÓN, DISTRIBUCIÓN, ETC.
Lugar de publicación, distribución, etc. s. l.,
Fecha de publicación, distribución, etc. s. f.

No items available.

Powered by Koha